ՀՀ Գիտությունների ազգային ակադեմիայի հիմնարար գիտական գրադարան  =   Fundamental Scientific Library of NAS RA

Итоги науки и техники. Серия Фармакология. Химиотерапевтические средства / (Record no. 522693)

MARC details
000 -LEADER
fixed length control field 03110nam a2200325 a 4500
001 - CONTROL NUMBER
control field 000592658
003 - CONTROL NUMBER IDENTIFIER
control field AM-YEHGA
005 - DATE AND TIME OF LATEST TRANSACTION
control field 20250617164400.0
008 - FIXED-LENGTH DATA ELEMENTS--GENERAL INFORMATION
fixed length control field 080724s1964 ||||||||r|||||000|0|rus|d
040 ## - CATALOGING SOURCE
Original cataloging agency AM-YeHGA
041 0# - LANGUAGE CODE
Language code of text/sound track or separate title rus
090 ## - LOCALLY ASSIGNED LC-TYPE CALL NUMBER (OCLC); LOCAL CALL NUMBER (RLIN)
-- 526292
245 00 - TITLE STATEMENT
Title Итоги науки и техники. Серия Фармакология. Химиотерапевтические средства /
Statement of responsibility, etc. Всесоюзный институт научной и технической информации.
260 ## - PUBLICATION, DISTRIBUTION, ETC.
Place of publication, distribution, etc. Москва :
Name of publisher, distributor, etc. [Б. и.],
Date of publication, distribution, etc. 1964.
300 ## - PHYSICAL DESCRIPTION
Extent Том ;
Dimensions 23 см.
504 ## - BIBLIOGRAPHY, ETC. NOTE
Bibliography, etc. note Список лит. в конце ст.
505 0# - FORMATTED CONTENTS NOTE
Miscellaneous information Т. 8 (1976, 100 с.)
Title Противотуберкулезные средства /
Statement of responsibility Науч. ред. А.И. Ершов, Г.А. Степанский
Miscellaneous information Т. 9 (1977, 136 с.)
Title Доклиническое и клиническое испытание лекарственных средств /
Statement of responsibility Науч. ред. Г.А. Степанский
Miscellaneous information Т. 10 (1978, 132 с.)
Title Антибиотики /
Statement of responsibility С.М. Навашин, В.Н. Соловьев, В.В. Бережинская и др.
Miscellaneous information Т. 11 (1979, 115 с.)
Title Вопросы психофармакологии /
Statement of responsibility Науч. ред. К.С. Раевский, Г.А. Степанский
Miscellaneous information Т. 12 (1981, 108 с.)
Title Клинические испытания лекарственных средств
Miscellaneous information Т. 13 (1982, 204 с.)
Title Опиоидные пептиды и их рецепторы /
Statement of responsibility Под ред. И.П. Ашмарина
Miscellaneous information Т. 14 (1984, 228 с.)
Title Проблемы фармакокинетики
Miscellaneous information Т.15 (1987, 240 с.)
Title Молекулярные механизмы действия психотропных препаратов /
Statement of responsibility Под ред. С.Б. Середенина
Miscellaneous information Т. 16 (1987, 187 с.)
Title Клиническая фармакология лекарственных средств, применяемых в кардиологии /
Miscellaneous information Т. 17 (1989, 226 с.)
Title Фармакокинетические подходы к оптимизации антибиотикотерапии /
Statement of responsibility Науч. ред.: Д.А. Еникеева, А.В. Михалев
Miscellaneous information Т. 20 (1992, 204 с., рис., табл. )
Title Антибактериальная химиотерапия в неинфекционной клинике : Новые бета-лактамы, монобактамы и хинолоны
Statement of responsibility В.П. Яковлев; Науч. ред. В.Р. Цулая
650 14 - SUBJECT ADDED ENTRY--TOPICAL TERM
Topical term or geographic name entry element Фармакология
650 14 - SUBJECT ADDED ENTRY--TOPICAL TERM
Topical term or geographic name entry element Фармацевтические препараты
650 14 - SUBJECT ADDED ENTRY--TOPICAL TERM
Topical term or geographic name entry element Антибиотики
700 1# - ADDED ENTRY--PERSONAL NAME
Personal name Ершов, А.И.
Relator term ред.
Relationship edt
700 1# - ADDED ENTRY--PERSONAL NAME
Personal name Степанский, Г.А.
Relator term ред.
Relationship edt
700 1# - ADDED ENTRY--PERSONAL NAME
Personal name Навашин, С.М.
700 1# - ADDED ENTRY--PERSONAL NAME
Personal name Соловьев, В.Н.
700 1# - ADDED ENTRY--PERSONAL NAME
Personal name Бережинская, В.В.
700 1# - ADDED ENTRY--PERSONAL NAME
Personal name Раевский, К.С.
Relator term ред.
Relationship edt
700 1# - ADDED ENTRY--PERSONAL NAME
Personal name Ашмарин, И.П.
Relator term ред.
Relationship edt
700 1# - ADDED ENTRY--PERSONAL NAME
Personal name Середенин, С.Б.
Relator term ред.
Relationship edt
710 2# - ADDED ENTRY--CORPORATE NAME
Corporate name or jurisdiction name as entry element Всесоюзный институт научной и технической информации
Holdings
Withdrawn status Lost status Damaged status Not for loan Collection Home library Current library Date acquired Serial enumeration / chronology Total checkouts Full call number Barcode Date last seen Price effective from Koha item type Public note
        General Fundamental Scientific Library Fundamental Scientific Library 20/01/2022 Т. 14   РД II/67841 FL0670387 20/01/2022 20/01/2022 Գրքեր / Books 30 Days Loan


ՀՀ ԳԱԱ հիմնարար գիտական գրադարան
ՀՀ,Երևան 0019
Մարշալ Բաղրամյան 24/6
հեռախոս:(374-10) 52-47-50
Հետադարձ կապ

All site content, except where otherwise noted, is licensed under a
Creative Commons License